| 000 | 00372nam a22001577a 4500 | ||
|---|---|---|---|
| 999 |
_c9198 _d9198 |
||
| 003 | OSt | ||
| 008 | 201119b ||||| |||| 00| 0 eng d | ||
| 020 | _a9788180450211 | ||
| 100 | _aVasisht, S.L | ||
| 245 | _aOrgnanic Chemistry B.Sc.-I Sem-I | ||
| 250 | _a9th Ed | ||
| 260 |
_aNew Delhi _bR Chand _c2020 |
||
| 300 | _a256 | ||
| 650 | _aB.Sc. Non Medical | ||
| 942 |
_2ddc _cBK |
||